000 00843nam a22002537a 4500
005 20170124105910.0
010 _aA-232708
020 _c00
_a0600384853
035 _aA-232708
037 _bCen Lib/Ret
040 _aDPL
_bEN
082 _a618.9
100 _aWest, Richard
245 _aFamily Guide to Children's Ailments /
_cby Richard west
260 _aLondon
_bHaymlin Publishing
_c1983
270 _a32 Kingley Court,
_bLondon
300 _a192p.:
_c25cm(Hb)
_bill.
500 _aIncludes glossary and index
650 _aMedical Sciences
_zHealth care
650 _aHealth care
_vChildrens
650 _aचिकित्सा विज्ञान
_vस्वास्थ्य सेवा
650 _aस्वास्थ्य सेवा
_vलड़कों
942 _2ddc
_cEN
_h618.9
_mWES
999 _c122451
_d122451